Tyne & Wear Places - Sudden Death - Statistics

General Stats
  • This quiz has been taken 36 times
  • The average score is 9 of 14
Answers on the Grid
Answers color-coded by a green-red scale on the quiz's grid according to % correct below.
Towcester
Skipton
Scarborough
Reading
Middlesbrough
Lichfield
King's Lynn
Halifax
Goole
Droitwich Spa
Darlington
Carlisle
Bury St. Edmunds
Andover
Wideopen
Whitley Bay
Whitburn
Washington
Tynemouth
Sunderland
South Shields
Ryton
Newcastle upon Tyne
Killingworth
Houghton-le-Spring
Hetton-le-Hole
Gateshead
Blaydon
 
Answer Stats
Answer % Correct
Newcastle upon Tyne
86%
Sunderland
86%
Gateshead
79%
Tynemouth
75%
South Shields
68%
Whitley Bay
68%
Houghton-le-Spring
64%
Blaydon
61%
Washington
61%
Ryton
57%
Wideopen
57%
Hetton-le-Hole
54%
Killingworth
54%
Whitburn
54%
No matching quizzes found
Score Distribution
Percent of People with Each Score
Percentile by Number Answered
Your Score History
You have not taken this quiz